Revista jurídica. (Record no. 1934)
[ view plain ]
| 000 -LEADER | |
|---|---|
| campo de control de longitud fija | 00759nas a2200229 i 4500 |
| 001 - NÚMERO DE CONTROL | |
| campo de control | 1934 |
| 003 - IDENTIFICADOR DE NÚMERO DE CONTROL | |
| campo de control | ES-MaACL |
| 005 - FECHA Y HORA DE LA ÚLTIMA TRANSACCIÓN | |
| campo de control | 20250809062531.0 |
| 007 - CAMPO FIJO DE DESCRIPCIÓN FÍSICA--INFORMACIÓN GENERAL | |
| campo de control de longitud fija | t| |
| 008 - DATOS DE LONGITUD FIJA--INFORMACIÓN GENERAL | |
| campo de control de longitud fija | 950801d19031936sp | | 1 |spa d |
| 245 00 - MENCIÓN DEL TÍTULO | |
| Título | Revista jurídica. |
| 260 ## - PUBLICACIÓN, DISTRIBUCIÓN, ETC. | |
| Lugar de publicación, distribución, etc. | Madrid : |
| Nombre del editor, distribuidor, etc. | Tip. José Rueda, |
| Fecha de publicación, distribución, etc. | 1903-1936 ( |
| Fabricante | Rafael Espinosa) |
| 300 ## - DESCRIPCIÓN FÍSICA | |
| Extensión | 28 v. ; |
| Dimensiones | 28 cm. |
| 310 ## - PERIODICIDAD ACTUAL | |
| Periodicidad actual | Decenal |
| 321 ## - PERIODICIDAD ANTERIOR | |
| Periodicidad anterior | Semanal, |
| Fechas de la periodicidad anterior | 1903-19 |
| 362 0# - FECHAS DE PUBLICACIÓN Y/O DESIGNACIÓN SECUENCIAL | |
| Fecha de publicación y/o designación secuencial | Año I (marzo 1903)-(1936) |
| 650 #7 - PUNTO DE ACCESO ADICIONAL DE MATERIA--TÉRMINO DE MATERIA | |
| Término de materia o nombre geográfico como elemento de entrada | Derecho |
| Fuente del encabezamiento o término | embne |
| 9 (RLIN) | 11602 |
| 700 1# - ENTRADA AGREGADA--NOMBRE PERSONAL | |
| Nombre de persona | Galvarriato, Juan Antonio. |
| 9 (RLIN) | 176384 |
| 852 4# - LOCALIZACIÓN | |
| Ubicación | ES-MaACL |
| Número de control de estantería | Hem-457 |
| 866 #0 - MENCIÓN TEXTUAL DE FONDOS--UNIDAD BIBLIOGRÁFICA BÁSICA | |
| Fondos | 1903-09,1911-13,1915-16(1917f.n.727)1918-25(1926f.n.1093)(1927f.n.1109y1130)1928(1929f.n.1167y1177)1930-32(1933f.n.1290)1934(1935f.n.1364)(1936f.n.1386) |
| Estatus retirado | Estado de pérdida | Estado de daño | No para préstamo | Colección | Biblioteca de origen | Biblioteca actual | Ubicación en estantería | Fecha de adquisición | Fuente de adquisición | Total de préstamos | Signatura topográfica completa | Código de barras | Visto por última vez | Precio de reemplazo | Tipo de ítem Koha |
|---|---|---|---|---|---|---|---|---|---|---|---|---|---|---|---|
| Periódicos y Revistas | Biblioteca del Ateneo de Madrid | Biblioteca del Ateneo de Madrid | Depósito 1 | 17/01/2008 | Hem-457 | 1001973 | 23/02/2023 | 23/02/2023 | Revista |
